000 00580nam a22001937a 4500
005 20170331125408.0
010 _aENG-117673
020 _a9788129137807
_c395.00
035 _aEN-101205
037 _bDABD/PUB
082 _a338.954
100 _aJairam Ramesh
245 _aTo The Brink and Back :
_cby Jairam Ramesh
_bIndia's 1991 Story /
260 _aNew Delhi
_bRupa Publications
_c2016
270 _a7/16,Ansari Road,Daryaganj
_bNew Delhi
_e110002
300 _ax,216p.:
_c23cm(Hb)
_bill
500 _aIncludes index
942 _2ddc
_cEN
_h338.954
_mJAI
999 _c138603
_d138603